|
|
|
|
| LEADER |
00000nab a2200000ua 4500 |
| 001 |
vtls010789184 |
| 003 |
SK-MaSNL |
| 005 |
20260303212402.0 |
| 008 |
230214s1929 xo |||||||||||||||||slo| |
| 035 |
|
|
|a (urnnbn)urn:nbn:sk:snk:ar-a035e4
|
| 035 |
|
|
|a (uuid)5cccd895-72ff-408d-b47f-c12fc5c91982
|
| 035 |
|
|
|a urn:nbn:sk:snk-ab53df
|
| 040 |
|
|
|a SNKBUCL
|b slo
|c SNKBUCL
|e AACR2
|
| 041 |
0 |
|
|a slo
|
| 044 |
|
|
|a xo
|c SK
|
| 100 |
1 |
|
|a Dreuschuch, František,
|d 1855-1938
|4 aut
|9 590331
|
| 245 |
1 |
0 |
|a MYELOMA PLASMATOCELLULARE
|c Fr. Dreuschuch, Konst. Čársky
|
| 700 |
1 |
|
|a Čársky, Konštantín,
|d 1899-1987
|4 aut
|9 38386
|
| 773 |
0 |
|
|t Bratislavské lekárske listy
|g Roč. 9, č. 4 (1929), s. 225-234
|
| 954 |
|
|
|a odborná, vedecká literatúra pôvodná (slovenská)
|2 lita
|
| 958 |
|
|
|a OND
|
| 958 |
|
|
|a EUIPO
|
| 958 |
|
|
|a article3
|
| 999 |
|
|
|c 2207022
|d 2208952
|